=LDR 00000nam 2200000 4500 =001 INLIS000000000055348 =005 20200413074550 =035 ##$$a 0010-0420000027 =007 ta =008 200413################g##########0#ind## =020 ##$$a 979-421-642-9 =082 ##$$a 2x3.7 =084 ##$$a 2x3.7 ZID z =100 1#$$a Zidny,irfan =245 1#$$a ziarah spritual /$c KH. Irfan Zidny =250 ##$$a cet.1 =260 ##$$a Jakarta :$b PT. Raja Grafindo Persada,$c 1997 =300 ##$$a 54 hlm., ; $c 10 x 18 cm =600 #4$$a Ziarah =990 ##$$a 23982398 =990 ##$$a 04360436 =990 ##$$a 04370437